书目信息 |
| 题名: |
中国旅游专业化与经济增长关系研究
|
|
| 作者: | 何昭丽, 著 | |
| 分册: | ||
| 出版信息: | 北京 经济科学出版社 2018.12 |
|
| 页数: | 179页 | |
| 开本: | 24cm | |
| 丛书名: | ||
| 单 册: | ||
| 中图分类: | F592.3 , F124.1 | |
| 科图分类: | ||
| 主题词: | 旅游业发展--lu^ you ye fa zhan--关系--经济增长--研究--中国 | |
| 电子资源: | ||
| ISBN: | 978-7-5218-0082-1 | |
| 000 | 01538nam0 2200289 450 | |
| 001 | 202019135234 | |
| 005 | 20191007123107.0 | |
| 010 | @a978-7-5218-0082-1@dCNY49.00 | |
| 099 | @aCAL 012019035145 | |
| 100 | @a20191003d2018 ekmy0chiy50 ea | |
| 101 | 0 | @achi |
| 102 | @aCN@b110000 | |
| 105 | @aak a 000yy | |
| 106 | @ar | |
| 200 | 1 | @a中国旅游专业化与经济增长关系研究@Azhong guo lu^ you zhuan ye hua yu jing ji zeng zhang guan xi yan jiu@f何昭丽著 |
| 210 | @a北京@c经济科学出版社@d2018.12 | |
| 215 | @a179页@c图@d24cm | |
| 300 | @a国家自然科学基金项目 | |
| 314 | @a何昭丽, 1982年12月出生, 经济学博士, 南京财经大学工商管理学院副教授。 | |
| 320 | @a有书目 (第163-179页) | |
| 330 | @a本书稿在对旅游专业化与经济关系相关文献回顾与评析的基础上, 综合运用了统计分析法、面板数据模型估计、比较研究法等研究方法, 围绕着旅游专业化与经济增长的关系进行了机理研究、实证分析、区域差异分析, 并研究了旅游专业化对经济增长传导的作用。在此基础上, 作者将目光集中到新疆区域, 分析了新疆旅游专业化的时空变化及影响因素, 对新疆旅游专业化与经济增长二者关系做了实证分析, 并对新疆旅游专业化与设施投资关系做了时空演变分析。得出了旅游专业化与经济增长的净效应为其收入效应与资源转移效应的均衡结果, 两者表现为倒U型曲线关系 ; 且旅游专业化主要通过科技创新投入、人力资本、制造业发展等要素对经济增长产出传导作用的结论。 | |
| 606 | 0 | @a旅游业发展@Alu^ you ye fa zhan@x关系@x经济增长@x研究@y中国 |
| 690 | @aF592.3@v5 | |
| 690 | @aF124.1@v5 | |
| 701 | 0 | @a何昭丽,@Ahe zhao li@f1982-@4著 |
| 801 | 0 | @aCN@c20190905 |
| 905 | @a河南城建学院图书馆@dF592.3@eH223 | |
| 中国旅游专业化与经济增长关系研究/何昭丽著.-北京:经济科学出版社,2018.12 |
| 179页:图;24cm |
| 国家自然科学基金项目 |
| ISBN 978-7-5218-0082-1:CNY49.00 |
| 本书稿在对旅游专业化与经济关系相关文献回顾与评析的基础上, 综合运用了统计分析法、面板数据模型估计、比较研究法等研究方法, 围绕着旅游专业化与经济增长的关系进行了机理研究、实证分析、区域差异分析, 并研究了旅游专业化对经济增长传导的作用。在此基础上, 作者将目光集中到新疆区域, 分析了新疆旅游专业化的时空变化及影响因素, 对新疆旅游专业化与经济增长二者关系做了实证分析, 并对新疆旅游专业化与设施投资关系做了时空演变分析。得出了旅游专业化与经济增长的净效应为其收入效应与资源转移效应的均衡结果, 两者表现为倒U型曲线关系 ; 且旅游专业化主要通过科技创新投入、人力资本、制造业发展等要素对经济增长产出传导作用的结论。 |
| ● |
| 相关链接 |
|
|
|
正题名:中国旅游专业化与经济增长关系研究
索取号:F592.3/H223
 
预约/预借
| 序号 | 登录号 | 条形码 | 馆藏地/架位号 | 状态 | 备注 |
| 1 | 1443838 | 214438385 | 社科库409/409社科库 39排6列4层/ [索取号:F592.3/H223] | 在馆 | |
| 2 | 1443839 | 214438394 | 社科库409/409社科库 39排6列4层/ [索取号:F592.3/H223] | 在馆 |